000 00951nam a22001937a 4500
999 _c62404
_d62404
003 Ge_BSU
005 20241023103015.0
008 241023s1954 ge ||||| |||| 00| 0 geo d
041 _ageo
080 _a611(075.8) ნ-19
100 _aნათიშვილი, ა.
_923488
245 _aადამიანის ნორმალური ანატომია :
_b სახელმძღვანელო სამედ. ინ-ტის სტუდენტთათვის. ნაწ. 1 /
_cა. ნათიშვილი, რედ. ა. მალაევი
264 _aთბილისი :
_b საქმედგამი,
_c1954.
300 _a246 გვ. :
_b ილ.
_c22 სმ.
653 _aადამიანის ნორმალური ანატომია
653 _aმედიცინა
700 _a მალაევი, ა
_eრედაქტორი
_923494
942 _2udc
_cBK